Spresnenie koncepcie rozvoja poľnohospodárskej a potravinárskej výroby SSR do roku 2005 a spracovanie podkladov pre smernicu k 9. päťročnému plánu Záverečná správa časovej etapy čiastkovej úlohy ŠPEV 901529320-01/4
Guardado en:
| Autor principal: | |
|---|---|
| Formato: | Libro |
| Lenguaje: | eslovaco |
| Publicado: |
Bratislava
Výskumný ústav ekonomiky poľnohospodárstva a potravinárstva
1989
|
| Etiquetas: |
Sin Etiquetas, Sea el primero en etiquetar este registro!
|
MARC
| LEADER | 00000nam a2200000 4500 | ||
|---|---|---|---|
| 001 | c036510 | ||
| 005 | 20221215071536.4 | ||
| 041 | 0 | |a slo | |
| 044 | |a SK | ||
| 245 | 1 | 0 | |a Spresnenie koncepcie rozvoja poľnohospodárskej a potravinárskej výroby SSR do roku 2005 a spracovanie podkladov pre smernicu k 9. päťročnému plánu |b Záverečná správa časovej etapy čiastkovej úlohy ŠPEV 901529320-01/4 |c Jozef Bodian |
| 264 | 1 | |a Bratislava |b Výskumný ústav ekonomiky poľnohospodárstva a potravinárstva |c 1989 | |
| 300 | |a 108, 84 s. | ||
| 100 | 1 | |a Bodian, Jozef | |